[Event "Mittelfrank Regionalliga Nord-West 2223"]
[Site "Mittelfranken"]
[Date "2022.10.23"]
[Round "2.6"]
[White "Saring, Christoph"]
[Black "Reinl, Fred"]
[Result "0-1"]
[WhiteElo "1966"]
[BlackElo "1903"]
[PlyCount "182"]
[EventDate "2022.10.09"]
[EventType "team-tourn"]
[EventRounds "9"]
[EventCountry "GER"]
[SourceTitle "EXT 2024"]
[Source "ChessBase"]
[SourceDate "2023.10.10"]
[SourceVersion "1"]
[SourceVersionDate "2023.10.10"]
[SourceQuality "1"]
[WhiteTeam "Bamberg II"]
[BlackTeam "Schweinfurt"]
[WhiteTeamCountry "GER"]
[BlackTeamCountry "GER"]

1. f4 d5 2. Nf3 Nf6 3. e3 Bg4 4. Be2 e6 5. 0-0 Be7 6. b3 0-0 7. Bb2 Nbd7 8. d3 c6 9. Nbd2 Qb6 10. Nd4 Bxe2 11. Qxe2 Rfe8 12. Qf2 Bc5 13. Qg3 g6 14. Rae1 Nh5 15. Qh3 f5 16. N2f3 Re7 17. Kh1 Rae8 18. Ng5 Bxd4 19. exd4 Qa5 20. Qe3 h6 21. Nf3 Nhf6 22. a4 Ng4 23. Qe2 Kh7 24. h3 Ngf6 25. Qf2 Nh5 26. Qh4 Kg7 27. Ba3 Rf7 28. Bd6 Qb6 29. b4 a5 30. bxa5 Qxa5 31. Qf2 Nhf6 32. Rb1 b6 33. Rfe1 Qa6 34. Nh4 Nh5 35. Re3 Qc8 36. Rbe1 Nf8 37. Kh2 Kh7 38. g4 fxg4 39. hxg4 Nf6 40. Qg3 e5 41. f5 g5 42. Nf3 e4 43. Ne5 Ra7 44. Qh3 Rd8 45. Ba3 c5 46. dxc5 bxc5 47. dxe4 Nxe4 48. c4 Qb8 49. cxd5 Qxe5+ 50. Kg2 Rxa4 51. Qf3 Rxd5 52. Rxe4 Rd2+ 53. R4e2 Rad4 54. Bc1 Rxe2+ 55. Rxe2 Qd6 56. f6 Qd5 57. Rc2 Rxg4+ 58. Kf2 Qxf3+ 59. Kxf3 Rh4 60. Rxc5 Kg6 61. Rc6 Nh7 62. Kg3 Nxf6 63. Bb2 Rf4 64. Be5 Rf5 65. Bb2 h5 66. Ba1 h4+ 67. Kh3 Kf7 68. Rc7+ Ke6 69. Rc6+ Ke7 70. Bxf6+ Rxf6 71. Rc5 Rf3+ 72. Kh2 Kf6 73. Ra5 Re3 74. Kg2 Re5 75. Ra8 Kf5 76. Rf8+ Kg4 77. Kh2 Re2+ 78. Kh1 Kg3 79. Rf1 g4 80. Rg1+ Kh3 81. Rd1 g3 82. Rb1 Re4 83. Rc1 Kg4 84. Rb1 h3 85. Kg1 Re2 86. Rb4+ Kf3 87. Rb3+ Re3 88. Rb1 Rd3 89. Rf1+ Ke2 90. Ra1 Rd1+ 91. Rxd1 Kxd1 0-1

[Event "Schweinfurt op 29th"]
[Site "Schweinfurt"]
[Date "2019.06.22"]
[Round "5"]
[White "Perez Celis, Alba"]
[Black "Reinl, Fred"]
[Result "1/2-1/2"]
[WhiteElo "1822"]
[BlackElo "1961"]
[PlyCount "49"]
[EventDate "2019.06.20"]
[EventType "swiss"]
[EventRounds "7"]
[EventCountry "GER"]
[SourceTitle "CBM 191 Extra"]
[Source "ChessBase"]
[SourceDate "2019.09.30"]
[SourceVersion "1"]
[SourceVersionDate "2019.09.30"]
[SourceQuality "1"]

1. e4 e6 2. d3 d5 3. Nd2 c5 4. Ngf3 Nc6 5. g3 Nf6 6. Bg2 Qc7 7. 0-0 Bd6 8. Re1 0-0 9. Nf1 d4 10. Bg5 Nd7 11. h4 f6 12. Bd2 Nde5 13. N3h2 Qf7 14. f4 Nd7 15. h5 Ne7 16. h6 gxh6 17. Ng4 Qg6 18. f5 exf5 19. Nxh6+ Kh8 20. exf5 Nxf5 21. Nxf5 Qxf5 22. Be4 Qh3 23. Bg2 Qf5 24. Be4 Qh3 25. Bg2 1/2-1/2

[Event "Schweinfurt op 29th"]
[Site "Schweinfurt"]
[Date "2019.06.20"]
[Round "1"]
[White "Reinl, Fred"]
[Black "Leichum, Engelbert"]
[Result "1-0"]
[WhiteElo "1961"]
[BlackElo "1601"]
[PlyCount "61"]
[EventDate "2019.06.20"]
[EventType "swiss"]
[EventRounds "7"]
[EventCountry "GER"]
[SourceTitle "CBM 191 Extra"]
[Source "ChessBase"]
[SourceDate "2019.09.30"]
[SourceVersion "1"]
[SourceVersionDate "2019.09.30"]
[SourceQuality "1"]

1. e4 d5 2. exd5 Nf6 3. Bb5+ Nbd7 4. Nc3 a6 5. Bc4 Nb6 6. Bb3 Nbxd5 7. Nxd5 Nxd5 8. Qf3 e6 9. Ne2 Bc5 10. d4 Ba7 11. 0-0 0-0 12. Qg3 f5 13. Bg5 Qd7 14. Rad1 c6 15. c4 Bb8 16. Qh4 Nf6 17. Rfe1 c5 18. dxc5 Qc6 19. Bxf6 Rxf6 20. Rd8+ Kf7 21. Qxh7 Bc7 22. Qg8+ Ke7 23. Qxg7+ Rf7 24. Qg5+ Rf6 25. Rg8 Be5 26. Qg7+ Rf7 27. Qxe5 b6 28. Nd4 Qb7 29. Qd6+ Kf6 30. Rxe6+ Bxe6 31. Qxe6# 1-0

[Event "Unterfranken-ch69 M1"]
[Site "Schweinfurt"]
[Date "2018.04.06"]
[Round "7"]
[White "Blank, Stefan"]
[Black "Reinl, Fred"]
[Result "0-1"]
[WhiteElo "1779"]
[BlackElo "1963"]
[PlyCount "115"]
[EventDate "2018.04.02"]
[EventType "tourn"]
[EventRounds "9"]
[EventCountry "GER"]
[SourceTitle "EXT 2019"]
[Source "ChessBase"]
[SourceDate "2018.10.10"]
[SourceVersion "1"]
[SourceVersionDate "2018.10.10"]
[SourceQuality "1"]

1. e4 e6 2. d3 b6 3. Nf3 Bb7 4. g3 d5 5. Nbd2 Nf6 6. e5 Nfd7 7. Bg2 c5 8. 0-0 Nc6 9. Re1 Qc7 10. Qe2 Be7 11. Nf1 0-0 12. h4 Nd4 13. Nxd4 cxd4 14. Bf4 Rfc8 15. Rac1 Qd8 16. Nh2 Rc7 17. Qg4 Kh8 18. Nf3 Rac8 19. Nxd4 a6 20. c3 b5 21. a3 Nc5 22. Rcd1 Qf8 23. Bh3 Rb8 24. Qh5 g6 25. Qe2 Bc8 26. Qd2 Bd7 27. Bh6 Qd8 28. Kg2 Kg8 29. Rh1 Bf8 30. Bg5 Be7 31. Rh2 Rb6 32. Rdh1 f6 33. exf6 Bxf6 34. Qe3 e5 35. Nf3 e4 36. dxe4 dxe4 37. Bxd7 Qxd7 38. b4 exf3+ 39. Qxf3 Bxg5 40. bxc5 Rf6 41. Qe2 Qc6+ 42. f3 Bh6 43. g4 Bg7 44. g5 Rf5 45. Rd1 Rcf7 46. Rd3 Bf8 47. Rh1 Qxc5 48. Rhd1 Rf4 49. Kg3 Qc7 50. Kh3 Qc4 51. Qf2 Qe6+ 52. Kg2 Qf5 53. Re3 Rg4+ 54. Kf1 Ra4 55. Rdd3 Bc5 56. Rd8+ Bf8 57. Qd2 Qh3+ 58. Kf2 0-1

[Event "Unterfranken-ch69 M1"]
[Site "Schweinfurt"]
[Date "2018.04.04"]
[Round "5"]
[White "Markert, Markus"]
[Black "Reinl, Fred"]
[Result "1-0"]
[WhiteElo "1998"]
[BlackElo "1963"]
[PlyCount "85"]
[EventDate "2018.04.02"]
[EventType "tourn"]
[EventRounds "9"]
[EventCountry "GER"]
[SourceTitle "EXT 2019"]
[Source "ChessBase"]
[SourceDate "2018.10.10"]
[SourceVersion "1"]
[SourceVersionDate "2018.10.10"]
[SourceQuality "1"]

1. d4 Nf6 2. Nf3 d5 3. Bf4 e6 4. e3 Be7 5. Bd3 c5 6. c3 Nc6 7. Nbd2 cxd4 8. exd4 Nh5 9. Be3 Qc7 10. g3 e5 11. dxe5 Nxe5 12. Nxe5 Qxe5 13. Nf3 Qd6 14. Nd4 Nf6 15. Bf4 Qb6 16. Qb3 Qxb3 17. axb3 0-0 18. Nb5 Nh5 19. Be3 Bd8 20. Nxa7 Bh3 21. Kd2 Bg2 22. Nb5 Be7 23. Rhe1 Nf6 24. Bd4 Ne4+ 25. Kc2 Rxa1 26. Rxa1 Nc5 27. Ra7 Nxd3 28. Kxd3 Bf1+ 29. Kc2 Bxb5 30. Rxb7 Bf1 31. Rxe7 Bg2 32. b4 f6 33. b5 Bf1 34. b6 Ba6 35. Ra7 Bb5 36. Rc7 Rb8 37. b3 Kf8 38. c4 dxc4 39. bxc4 Ba6 40. Kc3 Rc8 41. Bc5+ Kg8 42. Ra7 Rxc5 43. Rxa6 1-0

[Event "Unterfranken-ch69 M1"]
[Site "Schweinfurt"]
[Date "2018.04.02"]
[Round "1"]
[White "Mehling, Katharina"]
[Black "Reinl, Fred"]
[Result "0-1"]
[WhiteElo "1895"]
[BlackElo "1963"]
[PlyCount "48"]
[EventDate "2018.04.02"]
[EventType "tourn"]
[EventRounds "9"]
[EventCountry "GER"]
[SourceTitle "EXT 2019"]
[Source "ChessBase"]
[SourceDate "2018.10.10"]
[SourceVersion "1"]
[SourceVersionDate "2018.10.10"]
[SourceQuality "1"]

1. e4 e6 2. d4 d5 3. Nd2 dxe4 4. Nxe4 Nf6 5. Bg5 Be7 6. Bxf6 Bxf6 7. Nf3 b6 8. c3 Bb7 9. Bd3 Nd7 10. Qc2 h6 11. 0-0-0 Qe7 12. Rhe1 0-0 13. g4 Rac8 14. Re3 c5 15. g5 hxg5 16. Rg1 Bxe4 17. Rxe4 cxd4 18. Nxd4 Ne5 19. Re3 Rfd8 20. Ba6 Rc5 21. b4 Rc7 22. Nb3 g4 23. Kb1 Nc4 24. Reg3 Na3+ 0-1

[Event "Unterfranken-ch M2 48th"]
[Site "Bergrheinfeld"]
[Date "1997.??.??"]
[Round "4"]
[White "Reinl, Fred"]
[Black "Mader, Heiko"]
[Result "0-1"]
[WhiteElo "1787"]
[BlackElo "1803"]
[PlyCount "112"]
[EventDate "1997.03.31"]
[EventType "swiss"]
[EventRounds "9"]
[EventCountry "GER"]
[SourceTitle "EXT 2015"]
[Source "ChessBase"]
[SourceDate "2014.11.20"]
[SourceVersion "1"]
[SourceVersionDate "2014.11.20"]
[SourceQuality "1"]

1. e4 c5 2. Nf3 Nc6 3. Nc3 e6 4. Be2 d5 5. exd5 exd5 6. d4 Nf6 7. 0-0 cxd4 8. Nxd4 Be7 9. Re1 0-0 10. Bf3 Nxd4 11. Qxd4 Be6 12. Rd1 Qa5 13. Bd2 Qc5 14. Be3 Rac8 15. Qe5 Qb4 16. Bd4 Bc5 17. Bxd5 Bxd4 18. Qxd4 Qxd4 19. Rxd4 Rxc3 20. Bxe6 Rxc2 21. Bb3 Rxb2 22. Rb4 Rd2 23. Rxb7 Rd7 24. Rb4 Rfd8 25. h3 g6 26. Re1 Kf8 27. Rf4 Kg7 28. g3 Rc7 29. Re5 Rdd7 30. Rb4 Rb7 31. Ra4 Re7 32. Rea5 Ne8 33. Kg2 Nd6 34. h4 Nc8 35. Rd5 Rbc7 36. h5 Nb6 37. hxg6 hxg6 38. Rh4 Rb7 39. Rc5 Rbc7 40. Rb5 Rcd7 41. Rbb4 Rd2 42. Rh2 Nd5 43. Rb8 Nc3 44. Rhh8 Ree2 45. Rhg8+ Kf6 46. Rgf8 Rxf2+ 47. Kg1 Kg5 48. Rxf7 Rg2+ 49. Kf1 Ne4 50. Rb5+ Kh6 51. Re5 Nxg3+ 52. Ke1 Rb2 53. Rf1 Rb1+ 54. Bd1 Nxf1 55. Kxf1 Rd2 56. Re1 Rbxd1 0-1

[Event "Unterfranken-ch M2 48th"]
[Site "Bergrheinfeld"]
[Date "1997.??.??"]
[Round "5"]
[White "Trice, Mark"]
[Black "Reinl, Fred"]
[Result "1-0"]
[WhiteElo "1788"]
[BlackElo "1787"]
[PlyCount "102"]
[EventDate "1997.03.31"]
[EventType "swiss"]
[EventRounds "9"]
[EventCountry "GER"]
[SourceTitle "EXT 2015"]
[Source "ChessBase"]
[SourceDate "2014.11.20"]
[SourceVersion "1"]
[SourceVersionDate "2014.11.20"]
[SourceQuality "1"]

1. e4 d6 2. d4 g6 3. Be3 Bg7 4. Nc3 Nd7 5. Qd2 e5 6. d5 a6 7. 0-0-0 Ne7 8. Bh6 Bf8 9. Bxf8 Nxf8 10. Qh6 f5 11. f3 Qd7 12. g3 Ng8 13. Qe3 Qe7 14. h4 Nf6 15. Be2 Nh5 16. f4 Nf6 17. fxe5 Qxe5 18. Nf3 Ng4 19. Qg1 Qg7 20. exf5 Bxf5 21. Nd4 Qh6+ 22. Kb1 Qe3 23. Nxf5 Qxg1 24. Nxd6+ cxd6 25. Rhxg1 Ne5 26. Ne4 0-0-0 27. Rgf1 Kc7 28. Ng5 Rd7 29. Rxf8 Rxf8 30. Ne6+ Kb8 31. Nxf8 Rf7 32. Rf1 Re7 33. Ne6 Nd7 34. b4 Ne5 35. a4 Nc6 36. c3 a5 37. b5 Nd8 38. Bg4 Nf7 39. Kc2 Ne5 40. Be2 Re8 41. Rf6 Nd7 42. Rf7 Nc5 43. Nxc5 Rxe2+ 44. Kd3 Ra2 45. Nd7+ Ka7 46. Rf4 Ra1 47. b6+ Ka6 48. Kc2 g5 49. hxg5 h5 50. g6 h4 51. g7 hxg3 1-0

[Event "Unterfranken-ch M2 46th"]
[Site "Karlburg"]
[Date "1995.??.??"]
[Round "?"]
[White "Zoeller, Bernd"]
[Black "Reinl, Fred"]
[Result "1-0"]
[WhiteElo "1950"]
[BlackElo "1843"]
[PlyCount "89"]
[EventDate "1995.04.17"]
[EventType "swiss"]
[EventRounds "9"]
[EventCountry "GER"]
[SourceTitle "EXT 2015"]
[Source "ChessBase"]
[SourceDate "2014.11.20"]
[SourceVersion "1"]
[SourceVersionDate "2014.11.20"]
[SourceQuality "1"]

1. e4 d6 2. d4 Nf6 3. Nc3 Nbd7 4. Nf3 c5 5. Bc4 e6 6. Bg5 cxd4 7. Qxd4 a6 8. Rd1 Be7 9. Bxf6 Nxf6 10. e5 dxe5 11. Qxe5 Bd7 12. 0-0 0-0 13. Ng5 Qc8 14. Bd3 h6 15. Nge4 Bc6 16. Qg3 Rd8 17. b3 b5 18. Nxf6+ Bxf6 19. Ne4 Be7 20. Nd2 Qb7 21. Nf3 Bf6 22. h3 e5 23. Nxe5 Bxe5 24. Qxe5 Bxg2 25. Rfe1 Bd5 26. Kh2 Qb6 27. Re3 g6 28. Rde1 Ra7 29. Qf4 Raa8 30. Re7 Rd6 31. Re8+ Rxe8 32. Rxe8+ Kg7 33. Qe5+ Rf6 34. Qxd5 Qxf2+ 35. Qg2 Qd4 36. Re2 Rd6 37. Qg3 Qb6 38. Qe5+ Kg8 39. Qe8+ Kg7 40. Qe5+ Kg8 41. Qe3 Qc7 42. Qf4 h5 43. Re8+ Kh7 44. Qe5 f6 45. Qxh5+ 1-0